• 首页
  • 本馆介绍
  • 公告通知
  • 最新文献
  • 馆藏检索
  • 电子资源
  • 读者导购
  • 参考咨询
  • 我的图书馆
  • 登录
  • 详细信息显示
  • 放入我的书架
  • 预约/预借图书
  • 作者相关作品
  • 分类相关作品
  • 丛书相关作品
  • 出版社相关作品

书目信息

  • 表格格式
  • 工作单格式
  • 卡片格式
书名: Chemistry for the graphic arts
作者: by Nelson R. Eldred.
分册号:
分册名:
出版地: Pittsburgh, Pa. :
 
出版社: Graphic Arts Technical Foundation
出版时间: c1992.
页数: 373 p. :
开本: 27 cm.
丛书名:
中图分类号:
科图分类号:
其他分类号: O6
主题词:
电子资源:
000 01139nam a2200325 a 450
001 E0751329089
005 20070422151107.14
008 910702s1992 paua 001 0 eng
010    @a91075157
020    @a0883621495 :@cUSD50.00.
035    @A(DLC) 91075157
040    @aDLC@cDLC
050 00 @aZ249@b.E48 1992
082 00 @a681/.6@2 20
090    @aO6
099    @dO6@ex27=2
100 1  @aEldred, Nelson Richards.
245 10 @aChemistry for the graphic arts / @cby Nelson R. Eldred.
250    @a2nd ed.
260    @aPittsburgh, Pa. :@bGraphic Arts Technical Foundation,@cc1992.
300    @a373 p. :@bill. ;@c27 cm.
500    @aIncludes index.
500    @aRev. ed. of: Chemistry for the graphic arts / Paul J. Hartsuch. c1979.
650  0 @aChemistry.
650  0 @aPrinting machinery and supplies.
700 1  @aHartsuch, Paul Jackson,@d1902-@tChemistry for the graphic arts.
906    @a7@bcbc@corignew@d3@eopcn@f19@gy-gencatlg
922    @aad
955    @apn03 06-28-91; bw58 to ba00 6-5-92; lj09 06-15-92; lj07 06-25-92; lf29 08-10-92; aa12 08-12-92
991    @bc-GenColl@hZ249@i.E48 1992@tCopy 1@wBOOKS
    
    Chemistry for the graphic arts / / by Nelson R. Eldred.-2nd ed.-Pittsburgh, Pa. : : Graphic Arts Technical Foundation, , c1992.
    373 p. : : ill. ; ; 27 cm.
    Includes index.-Rev. ed. of: Chemistry for the graphic arts / Paul J. Hartsuch. c1979.
    
    ISBN 0883621495 :USD50.00.
    
●
相关链接 在E读中查询图书 在五车中查询图书 在当当中查询图书 在豆瓣中查询图书


正题名:Chemistry for the graphic arts     索取号:O6/x27=2         预约/预借

序号 登录号 条形码 馆藏地/架位号 状态 备注
1 0004468   300044681   第四借阅区/ [索取号:O6/x27=2] 在馆    
2 0004516   300045163   第二样本阅览室/ [索取号:O6/x27=2] 在馆    
唐山师范学院图书馆 欢迎您!
大连网信软件有限公司© 版权所有